000
00275nam a22001097a 4500
082
_a
920/TRI
100
_a
Trivedi,Dr. Tanuja
_9
81823
245
_a
Dayanad Saraswati His Life and Ideas
260
_a
New Delhi
_b
Jnanada Prakashan
_c
2019
650
_a
Biography
942
_c
BK
999
_c
65988
_d
65988